Statistics for Every French player in Rugby World Cup 2023

Click here to take the quiz!

General Stats

  • This quiz has been taken 82 times
  • The average score is 26 of 34

Answer Stats

CapsPositionClub/provinceAnswer% Correct
49Scrum-halfToulouseAntoine Dupont
100%
44WingBordeaux-BèglesDamian Penaud
97%
27FullbackToulouseThomas Ramos
97%
44PropToulouseCyril Baille
93%
42Back rowLa RochelleGrégory Alldritt
93%
26Fly-halfBordeaux-BèglesMatthieu Jalibert
93%
81CentreRacing 92Gaël Fickou
92%
24HookerToulousePeato Mauvaka
92%
31HookerToulouseJulien Marchand
90%
53PropLa RochelleUini Atonio
90%
15Scrum-halfBordeaux-BèglesMaxime Lucu
89%
15FullbackToulouseMelvyn Jaminet
89%
22LockRacing 92Cameron Woki
85%
35Back rowToulonCharles Ollivon
85%
23CentreLa RochelleJonathan Danty
82%
19LockToulouseThibaud Flament
79%
25Back rowToulouseAnthony Jelonch
77%
22Back rowToulouseFrançois Cros
77%
3WingBordeaux-BèglesLouis Bielle-Biarrey
77%
18CentreBordeaux-BèglesYoram Moefana
77%
4Fly-halfLa RochelleAntoine Hastoy
75%
44LockLyonRomain Taofifenua
72%
11PropToulouseDorian Aldegheri
70%
18Back rowStade FrançaisSekou Macalou
69%
13Scrum-halfLyonBaptiste Couilloud
67%
31LockMontpellierPaul Willemse
67%
14WingToulonGabin Villière
66%
16CentreMontpellierArthur Vincent
62%
10HookerLa RochellePierre Bourgarit
61%
25PropToulonJean-Baptiste Gros
56%
9PropLa RochelleReda Wardi
54%
3Back rowLa RochellePaul Boudehent
48%
13PropBordeaux-BèglesSipili Falatea
48%
6LockMontpellierBastien Chalureau
43%

Score Distribution

Percentile by Number Answered

Percent of People with Each Score

Your Score History

You have not taken this quiz